Texas Interstates - Sudden Death - Statistics

General Stats
  • This quiz has been taken 23 times
  • The average score is 9 of 10
Answers on the Grid
Answers color-coded by a green-red scale on the quiz's grid according to % correct below.
I-1
I-10
I-2
I-20
I-27
I-30
I-35
I-37
I-40
I-45
I-55
I-69
I-70
I-74
I-75
I-80
I-90
I-95
 
Answer Stats
Answer % Correct
I-45
100%
I-10
93%
I-30
93%
I-20
86%
I-35
86%
I-40
86%
I-69
86%
I-2
79%
I-27
79%
I-37
79%
No matching quizzes found
Score Distribution
Percent of People with Each Score
Percentile by Number Answered
Your Score History
You have not taken this quiz